• 首页
  • 本馆介绍
  • 公告通知
  • 最新文献
  • 馆藏检索
  • 电子资源
  • 读者导购
  • 参考咨询
  • 我的图书馆
  • 登录
  • 详细信息显示
  • 放入我的书架
  • 预约/预借图书
  • 作者相关作品
  • 分类相关作品
  • 丛书相关作品
  • 出版社相关作品

书目信息

  • 表格格式
  • 工作单格式
  • 卡片格式
题名:
女子防暴手册
    
 
作者: 紫俪 , 紫俪 著
分册:  
出版信息: 海口   海南出版社  2004
页数: 180页
开本: 20cm
丛书名: 女系氏族丛书
单 册:
中图分类: G852.4-62
科图分类:
主题词: 女性--防身术--手册
电子资源:
ISBN: 7-5443-1456-1
000 01178nam0 2200337 450
000 01143nam0 2200325 450
000 01106nam0 2200313 450
000 01038nam0 2200301 450
000 01001nam0 2200289 450
000 00908nam0 2200253 450
001 0104000024
005 20061023150732.85
010    @a7-5443-1456-1@dCNY18.00
100    @a20060113d2004 em y0chiy0110 ea
101 0  @achi
102    @aCN@b460000
105    @aa z 000yy
200 1  @a女子防暴手册@Anu zi fang bao shou ce@f紫俪著@Fzi li zhu
210    @a海口@c海南出版社@d2004
215    @a180页@c图@d20cm
225 2  @a女系氏族丛书
330    @a男人当然不是女人的敌人,但也不是女人天然的保护神。我们期望有男人来保护自己的,但女人受到的休伤害,却大部分又来自男人。让我们一起了掘身体和心理的力量,并积极学习保护身体之道,令我们生活得更从容自在,让暴力远离我们。
461  0 @12001 @a女系氏族丛书
606 0  @a女性@x防身术@j手册
690    @aG852.4-62@v4
701  0 @a紫俪@9zi li@4著
701  0 @a紫俪@Azi li@4著
801  0 @aCN@b北京荣雅伟业图书经销中心@c20061023
905    @aBZT@dG852.4-62@e1
906    @dCNY18.00@n0@r1
    
    女子防暴手册/紫俪著.-海口:海南出版社,2004
    180页:图;20cm.-(女系氏族丛书)
    
    
    ISBN 7-5443-1456-1:CNY18.00
    男人当然不是女人的敌人,但也不是女人天然的保护神。我们期望有男人来保护自己的,但女人受到的休伤害,却大部分又来自男人。让我们一起了掘身体和心理的力量,并积极学习保护身体之道,令我们生活得更从容自在,让暴力远离我们。
●
相关链接 在五车中查询图书 在当当中查询图书 在豆瓣中查询图书


正题名:女子防暴手册     索取号:G852.4-62/1         预约/预借

序号 登录号 条形码 馆藏地/架位号 状态 备注
1 507711   230068040   中心书库北库/ 北库025架B面4列5层30/ [索取号:G852.4-62/1] 在馆    
2 507712   230068042   中心书库北库/ 北库025架B面3列6层29/ [索取号:G852.4-62/1] 在馆    
3 507713   230068041   中心书库北库/ 北库025架B面4列5层31/ [索取号:G852.4-62/1] 在馆    
4 507714   230068043   中心书库北库/ 北库025架B面4列5层32/ [索取号:G852.4-62/1] 在馆    
5 507715   230068044   中心书库北库/ 北库025架B面4列5层29/ [索取号:G852.4-62/1] 在馆    
山东省滨州职业学院图书馆 欢迎您!
大连网信软件有限公司© 版权所有